<?xml version="1.0" encoding="UTF-8"?>
<record
    xmlns:xsi="http://www.w3.org/2001/XMLSchema-instance"
    xsi:schemaLocation="http://www.loc.gov/MARC21/slim http://www.loc.gov/standards/marcxml/schema/MARC21slim.xsd"
    xmlns="http://www.loc.gov/MARC21/slim">

  <leader>00411nam a22001577a 4500</leader>
  <datafield tag="999" ind1=" " ind2=" ">
    <subfield code="c">8869</subfield>
    <subfield code="d">8869</subfield>
  </datafield>
  <controlfield tag="003">OSt</controlfield>
  <controlfield tag="008">200713b           ||||| |||| 00| 0 eng d</controlfield>
  <datafield tag="020" ind1=" " ind2=" ">
    <subfield code="a">9780582442283</subfield>
  </datafield>
  <datafield tag="100" ind1=" " ind2=" ">
    <subfield code="a"> MANN,FREDERICK GEORGE  SAUNDERS,BERNARD CHARLES</subfield>
  </datafield>
  <datafield tag="245" ind1=" " ind2=" ">
    <subfield code="a">PRACTICAL ORGANIC CHEMISTRY</subfield>
  </datafield>
  <datafield tag="250" ind1=" " ind2=" ">
    <subfield code="a">4th</subfield>
  </datafield>
  <datafield tag="260" ind1=" " ind2=" ">
    <subfield code="a">Noida</subfield>
    <subfield code="b">Pearson</subfield>
    <subfield code="c">2009</subfield>
  </datafield>
  <datafield tag="300" ind1=" " ind2=" ">
    <subfield code="a">586</subfield>
  </datafield>
  <datafield tag="650" ind1=" " ind2=" ">
    <subfield code="a">Pharmaceutical Organic Chemistry</subfield>
  </datafield>
  <datafield tag="942" ind1=" " ind2=" ">
    <subfield code="2">ddc</subfield>
    <subfield code="c">BK</subfield>
  </datafield>
  <datafield tag="952" ind1=" " ind2=" ">
    <subfield code="0">0</subfield>
    <subfield code="1">0</subfield>
    <subfield code="2">ddc</subfield>
    <subfield code="4">0</subfield>
    <subfield code="7">0</subfield>
    <subfield code="8">BP</subfield>
    <subfield code="a">PIET</subfield>
    <subfield code="b">PIET</subfield>
    <subfield code="d">2020-02-11</subfield>
    <subfield code="e">Kirti Prakashan</subfield>
    <subfield code="f">Indian Rup</subfield>
    <subfield code="g">739.00</subfield>
    <subfield code="k">IN6378</subfield>
    <subfield code="l">0</subfield>
    <subfield code="o">547 MAP</subfield>
    <subfield code="p">BP1323</subfield>
    <subfield code="r">2020-07-13 00:00:00</subfield>
    <subfield code="v">502.52</subfield>
    <subfield code="w">2020-02-11</subfield>
    <subfield code="y">REF</subfield>
  </datafield>
  <datafield tag="952" ind1=" " ind2=" ">
    <subfield code="0">0</subfield>
    <subfield code="1">0</subfield>
    <subfield code="2">ddc</subfield>
    <subfield code="4">0</subfield>
    <subfield code="7">0</subfield>
    <subfield code="8">BP</subfield>
    <subfield code="a">PIET</subfield>
    <subfield code="b">PIET</subfield>
    <subfield code="d">2023-10-14</subfield>
    <subfield code="e">KIRTI PRAKSHAN</subfield>
    <subfield code="f">RUPEES</subfield>
    <subfield code="g">840.00</subfield>
    <subfield code="k">IN-1041</subfield>
    <subfield code="l">1</subfield>
    <subfield code="o">547 MAP</subfield>
    <subfield code="p">BP2294</subfield>
    <subfield code="r">2024-10-25 00:00:00</subfield>
    <subfield code="s">2024-08-30</subfield>
    <subfield code="v">571.20</subfield>
    <subfield code="w">2023-10-05</subfield>
    <subfield code="y">BK</subfield>
  </datafield>
  <datafield tag="952" ind1=" " ind2=" ">
    <subfield code="0">0</subfield>
    <subfield code="1">0</subfield>
    <subfield code="2">ddc</subfield>
    <subfield code="4">0</subfield>
    <subfield code="7">0</subfield>
    <subfield code="8">BP</subfield>
    <subfield code="a">PIET</subfield>
    <subfield code="b">PIET</subfield>
    <subfield code="d">2023-10-14</subfield>
    <subfield code="e">KIRTI PRAKSHAN</subfield>
    <subfield code="f">RUPEES</subfield>
    <subfield code="g">840.00</subfield>
    <subfield code="k">IN-1041</subfield>
    <subfield code="l">1</subfield>
    <subfield code="o">547 MAP</subfield>
    <subfield code="p">BP2295</subfield>
    <subfield code="r">2025-05-08 00:00:00</subfield>
    <subfield code="s">2025-04-30</subfield>
    <subfield code="v">571.20</subfield>
    <subfield code="w">2023-10-05</subfield>
    <subfield code="y">BK</subfield>
  </datafield>
</record>
